Famous Foreheads #2 - Statistics

General Stats
  • This quiz has been taken 15,710 times
  • The average score is 9 of 15
Answer Stats
Picture Answer % Correct
Morgan Freeman
88%
Johnny Depp
78%
The Rock
77%
Tom Cruise
76%
King Charles
75%
Mikhail Gorbachev
68%
David Beckham
54%
Emma Watson
54%
Patrick Stewart
53%
Reese Witherspoon
50%
Rihanna
48%
Rowan Atkinson
47%
Meghan Markle
33%
Julia Roberts
30%
Channing Tatum
21%
No matching quizzes found
Score Distribution
Percent of People with Each Score
Percentile by Number Answered
Your Score History
You have not taken this quiz